000 01114 a2200217 4500
005 20080911144614.0
008 080911t xxu||||| |||| 00| 0 hin d
010 _aHIN-79697
020 _c250.00
_a8186747648
035 _aHN-52043
037 _bD.B.Act / pub
082 _a820.8
100 _aअब्दुल बिस्मिल्लाह
245 _aविमर्श के आयाम
_cअब्दुल बिस्मिल्लाह
246 _aVimersh ke Aayaam
260 _aदिल्ली
_bअनंग प्रकाशन
_c2006
270 _bदिल्ली
_aबी-107/1,गली मंदिर वाली,उत्तरी घोड़ा(समीप रबड़ फैक्ट्री)
_e110053
_k011-22199683
300 _a174पृ
_c22 सेमी (सजिल्द)
942 _adpl
_cHN
_k820.8 / अब्दुल
_2ddc
_h820.8
_mअब्दुल
999 _c3475
_d3475